[Event "DVM U10 2015"]
[Site "Magdeburg GER"]
[Date "2015.12.28"]
[Round "3"]
[White "Mantu, Valentin"]
[Black "Günther, Fabian"]
[Result "0-1"]
[Termination "normal"]
[Board "10.4"]
[WhiteElo "952"]
[BlackElo "1124"]
[WhiteTeam "SV Empor Erfurt 2"]
[BlackTeam "USV TU Dresden 1"]
[PlyCount "90"]
[WhiteFideId "16278054"]
[BlackFideId "16240294"]
[EventCountry "GER"]
[EventRounds "7"]
[EventType "team-swiss"]
[EventDate "2015.12.27"]

1. b4 d5 2. Bb2 Nc6 3. b5 Nb8 4. e3 a6 5. Nf3 Bd7 6. bxa6 bxa6 7. c4 c6 8. Be2
Qb6 9. Bc3 Nf6 10. cxd5 Nxd5 11. e4 Nf4 12. O-O e6 13. d4 c5 14. Qd2 cxd4 15.
Nxd4 Nxe2+ 16. Nxe2 Qc6 17. Rc1 Qxe4 18. Ng3 Qd5 19. Qxd5 exd5 20. Re1+ Be6 21.
f4 Bc5+ 22. Kh1 O-O 23. Rc1 Be3 24. Re1 Bxf4 25. Nh5 Bh6 26. Nd2 Nc6 27. Rf1 d4
28. Bb2 Bxd2 29. Rf2 Be3 30. Rf3 Ne5 31. Rg3 Nd3 32. Rxg7+ Kh8 33. Ba3 Rg8 34.
Rxg8+ Kxg8 35. Nf6+ Kg7 36. Be7 Nf2+ 37. Kg1 Ng4+ 38. Kf1 Nxf6 39. Bxf6+ Kxf6
40. Rb1 Bc4+ 41. Ke1 Bd3 42. Rb6+ Kg7 43. Rc6 Rb8 44. Rc1 Bxc1 45. Kd1 Be3 0-1

[Event "DVM U10 2015"]
[Site "Magdeburg GER"]
[Date "2015.12.28"]
[Round "3"]
[White "Costa, Leonardo"]
[Black "Fuhrmann, Bahne"]
[Result "1/2-1/2"]
[Termination "normal"]
[Board "11.1"]
[WhiteElo "1584"]
[BlackElo "1131"]
[WhiteTeam "SK München Südost"]
[BlackTeam "Hamburger SK von 1830 4"]
[PlyCount "72"]
[WhiteFideId "16213955"]
[BlackFideId "16244842"]
[EventCountry "GER"]
[EventRounds "7"]
[EventType "team-swiss"]
[EventDate "2015.12.27"]

1. e4 e6 2. Nf3 d5 3. exd5 exd5 4. d4 Nc6 5. Bb5 Bd7 6. Nc3 Nf6 7. Bg5 a6 8.
Ba4 Bb4 9. O-O O-O 10. Nxd5 Bg4 11. Bxf6 Qxd5 12. Bxc6 Qxc6 13. Be5 Rad8 14.
Qd3 Bxf3 15. Qxf3 Qxf3 16. gxf3 c6 17. c3 Ba5 18. Kh1 Rfe8 19. Rg1 g6 20. Rg3
Bb6 21. f4 Re6 22. f5 Ree8 23. f4 Kf8 24. f6 Rd5 25. f5 c5 26. Rd3 gxf5 27. Rf1
Red8 28. Rfd1 Kg8 29. c4 R5d7 30. d5 Re8 31. Rg3+ Kh8 32. Bf4 Re4 33. Bh6 Rxc4
34. Bg7+ Kg8 35. Bh6+ Rg4 36. Rdg1 c4 1/2-1/2

[Event "DVM U10 2015"]
[Site "Magdeburg GER"]
[Date "2015.12.28"]
[Round "3"]
[White "Duduka, Artem"]
[Black "Braun, Erik"]
[Result "1-0"]
[Termination "normal"]
[Board "12.1"]
[WhiteElo "1113"]
[BlackElo "991"]
[WhiteTeam "Sfr.Nord-Ost Berlin 1"]
[BlackTeam "Peiner SV"]
[PlyCount "63"]
[WhiteFideId "14194805"]
[EventCountry "GER"]
[EventRounds "7"]
[EventType "team-swiss"]
[EventDate "2015.12.27"]

1. e4 e5 2. Nf3 Nc6 3. d4 exd4 4. Nxd4 Nxd4 5. Qxd4 Nf6 6. Bf4 d6 7. e5 Ng4 8.
h3 Nh6 9. Bxh6 gxh6 10. exd6 Rg8 11. Qe5+ Be6 12. dxc7 Qe7 13. Bb5+ Bd7 14.
Qxe7+ Bxe7 15. Bxd7+ Kxd7 16. Nc3 Kxc7 17. Nd5+ Kd7 18. O-O-O Bg5+ 19. f4 Kc6
20. fxg5 Rxg5 21. Nf4 Rf5 22. g3 Rg8 23. Rhg1 h5 24. Rdf1 h4 25. g4 Ra5 26. a3
f5 27. gxf5 Rxg1 28. Rxg1 Rxf5 29. Rg4 Re5 30. Rxh4 Re7 31. Nd3 Rd7 32. Rc4+ {
nicht weiter nachvollziehbar} 1-0

[Event "DVM U10 2015"]
[Site "Magdeburg GER"]
[Date "2015.12.28"]
[Round "3"]
[White "Stein, Luis"]
[Black "Gutewort, Paul Emil"]
[Result "0-1"]
[Termination "normal"]
[Board "12.2"]
[WhiteElo "943"]
[BlackElo "1122"]
[WhiteTeam "Peiner SV"]
[BlackTeam "Sfr.Nord-Ost Berlin 1"]
[PlyCount "23"]
[WhiteFideId "16268407"]
[BlackFideId "16204182"]
[EventCountry "GER"]
[EventRounds "7"]
[EventType "team-swiss"]
[EventDate "2015.12.27"]

1. e4 e5 2. c4 Nc6 3. Nc3 d6 4. Nf3 g6 5. d4 exd4 6. Nxd4 Bd7 7. Nxc6 Bxc6 8.
Bd2 Bg7 9. Qc2 Nf6 10. O-O-O Rc8 11. e5 dxe5 12. Be3 0-1

[Event "DVM U10 2015"]
[Site "Magdeburg GER"]
[Date "2015.12.28"]
[Round "3"]
[White "Beck, Felix"]
[Black "Post, Patrick"]
[Result "0-1"]
[Termination "normal"]
[Board "12.3"]
[WhiteElo "1010"]
[BlackElo "926"]
[WhiteTeam "Sfr.Nord-Ost Berlin 1"]
[BlackTeam "Peiner SV"]
[PlyCount "50"]
[WhiteFideId "16255364"]
[EventCountry "GER"]
[EventRounds "7"]
[EventType "team-swiss"]
[EventDate "2015.12.27"]

1. e4 Nf6 2. e5 Nd5 3. Bc4 Nf4 4. Qf3 Ne6 5. Ne2 c6 6. d4 d5 7. Bb3 Qb6 8. Be3
Qc7 9. Nbc3 b5 10. a3 Nd8 11. Nf4 Nb7 12. O-O Na5 13. Ba2 Nc4 14. Bxc4 bxc4 15.
Rfd1 Bf5 16. Qe2 e6 17. Rab1 Qa5 18. Rbc1 Bxa3 19. bxa3 Qxc3 20. a4 Qa5 21. Ra1
Na6 22. Bd2 Qc7 23. Be3 Nb4 24. c3 Nc2 25. Rd2 Nxa1 0-1

[Event "DVM U10 2015"]
[Site "Magdeburg GER"]
[Date "2015.12.28"]
[Round "3"]
[White "Kraft, Adrian"]
[Black "Stockmann, Till"]
[Result "1-0"]
[Termination "normal"]
[Board "13.1"]
[WhiteElo "1052"]
[BlackElo "1482"]
[WhiteTeam "SC Borussia 1920 Friedrichsfelde"]
[BlackTeam "VfL Gräfenhainichen"]
[PlyCount "82"]
[WhiteFideId "16235010"]
[BlackFideId "12979341"]
[EventCountry "GER"]
[EventRounds "7"]
[EventType "team-swiss"]
[EventDate "2015.12.27"]

1. e4 e5 2. Nf3 Nc6 3. Bc4 Bc5 4. Nc3 Nf6 5. d3 d6 6. h3 Be6 7. Bb3 a6 8. Nd5
Bxd5 9. Bxd5 Nxd5 10. exd5 Ne7 11. c4 Ng6 12. Qe2 O-O 13. O-O Qd7 14. a3 Rfe8
15. b4 Ba7 16. Ng5 Rab8 17. Bb2 Qf5 18. Ne4 Nf4 19. Qf3 Qg6 20. Bc1 Nh5 21. Bd2
f5 22. Ng5 f4 23. Ne4 Bd4 24. Bc3 Ng3 25. Nxg3 Bxc3 26. Rac1 fxg3 27. Rxc3
gxf2+ 28. Qxf2 Rf8 29. Qe2 Rxf1+ 30. Qxf1 Rf8 31. Qe2 b6 32. b5 a5 33. a4 Qg3
34. Qd2 Rf2 35. Qxf2 Qxf2+ 36. Kxf2 Kf7 37. Kf3 Kf6 38. Rc2 Kf5 39. Rf2 Kg5 40.
Kg3 h5 41. h4+ Kg6 1-0

[Event "DVM U10 2015"]
[Site "Magdeburg GER"]
[Date "2015.12.28"]
[Round "3"]
[White "Grunemann, Jonas"]
[Black "Klühs, Isabel"]
[Result "1-0"]
[Termination "normal"]
[Board "13.2"]
[WhiteElo "970"]
[BlackElo "886"]
[WhiteTeam "VfL Gräfenhainichen"]
[BlackTeam "SC Borussia 1920 Friedrichsfelde"]
[PlyCount "86"]
[WhiteFideId "16255577"]
[BlackFideId "16228944"]
[EventCountry "GER"]
[EventRounds "7"]
[EventType "team-swiss"]
[EventDate "2015.12.27"]

1. e4 c5 2. Nf3 Nc6 3. Nc3 d6 4. Bb5 Bd7 5. d3 Nf6 6. Bg5 g6 7. O-O Bg7 8. Qe2
O-O 9. Qe3 a6 10. Bxc6 Bxc6 11. e5 Ng4 12. Qf4 Nxe5 13. Nxe5 dxe5 14. Qc4 b6
15. b4 Qd6 16. bxc5 bxc5 17. Ne4 Bxe4 18. Qxe4 Rab8 19. c3 Rb2 20. d4 cxd4 21.
cxd4 Rb4 22. Rad1 Qe6 23. a3 Ra4 24. Rfe1 Rd8 25. d5 Rxe4 26. dxe6 Rxd1 27.
Rxd1 fxe6 28. Bxe7 Kf7 29. Bd6 Bh6 30. h3 Bf4 31. g3 Bg5 32. Kg2 Be7 33. Kf3
Rc4 34. Bxe5 Bxa3 35. Ra1 Ra4 36. Bd6 a5 37. Bxa3 Rd4 38. Bc5 Rd3+ 39. Ke4 Rd2
40. Rxa5 Re2+ 41. Kf3 Rc2 42. Ra7+ Kf6 43. Kf4 {[%tqu "nicht mehr
nachvollziehbar  ","","",Rc4+,"",10]} Rc4+ 1-0

[Event "DVM U10 2015"]
[Site "Magdeburg GER"]
[Date "2015.12.28"]
[Round "3"]
[White "Holz, Leonard"]
[Black "Diederich, Greta"]
[Result "1-0"]
[Termination "normal"]
[Board "14.1"]
[WhiteElo "1211"]
[BlackElo "1142"]
[WhiteTeam "SK Werther 1949"]
[BlackTeam "SV Breitenworbis"]
[PlyCount "100"]
[BlackFideId "12988618"]
[EventCountry "GER"]
[EventRounds "7"]
[EventType "team-swiss"]
[EventDate "2015.12.27"]

1. d4 d5 2. Bf4 e6 3. e3 f5 4. Nd2 Nf6 5. c3 Bd6 6. Bg3 Nbd7 7. Ngf3 h6 8. Ne5
Nb6 9. Ng6 Rg8 10. Ne5 Bd7 11. Be2 Kf8 12. Bh5 Be8 13. Ng6+ Bxg6 14. Bxg6 Qe7
15. Nf3 Ne4 16. Ne5 Qg5 17. Qh5 Qxh5 18. Bxh5 Nc4 19. Ng6+ Ke8 20. Bxd6 Ncxd6
21. Ne5+ Ke7 22. f3 Nf6 23. g4 Nxh5 24. gxh5 Raf8 25. Ng6+ Kf6 26. Nxf8 Rxf8
27. Rg1 Kf7 28. O-O-O Nc4 29. Rde1 Rg8 30. e4 b5 31. b3 Nb6 32. exf5 exf5 33.
Rg6 a5 34. Re5 Rd8 35. Rxf5+ Kg8 36. Re5 Kf7 37. f4 Rd6 38. f5 Rxg6 39. hxg6+
Kf6 40. Kd2 Nd7 41. Rxd5 Nb6 42. Rxb5 Nc8 43. d5 Nd6 44. Rxa5 Kxf5 45. Kd3 Kxg6
46. c4 Nf5 47. Ra6+ Kg5 48. c5 Kf4 49. d6 cxd6 50. cxd6 Nxd6 1-0

[Event "DVM U10 2015"]
[Site "Magdeburg GER"]
[Date "2015.12.28"]
[Round "3"]
[White "Wehling, Linos"]
[Black "Drees, Leon"]
[Result "1/2-1/2"]
[Termination "normal"]
[Board "14.2"]
[WhiteElo "899"]
[BlackElo "1072"]
[WhiteTeam "SV Breitenworbis"]
[BlackTeam "SK Werther 1949"]
[PlyCount "40"]
[BlackFideId "16299523"]
[EventCountry "GER"]
[EventRounds "7"]
[EventType "team-swiss"]
[EventDate "2015.12.27"]

1. e4 e5 2. Nf3 Nc6 3. Bc4 Nf6 4. d3 Be7 5. O-O O-O 6. Nc3 d6 7. h3 Be6 8. Bxe6
fxe6 9. Be3 Qe8 10. a3 Qg6 11. Ne2 Nh5 12. Ng3 Nf4 13. Kh1 Rf7 14. Qd2 Raf8 15.
Ng1 Bh4 16. Qe1 Qf6 17. Nf3 Nd4 18. Bxd4 exd4 19. Rg1 Qh6 20. Qf1 e5 1/2-1/2

[Event "DVM U10 2015"]
[Site "Magdeburg GER"]
[Date "2015.12.28"]
[Round "3"]
[White "Deniz, Kevin"]
[Black "Conradi, Bennet"]
[Result "1-0"]
[Termination "normal"]
[Board "14.3"]
[WhiteElo "1050"]
[BlackElo "863"]
[WhiteTeam "SK Werther 1949"]
[BlackTeam "SV Breitenworbis"]
[PlyCount "51"]
[WhiteFideId "34620346"]
[EventCountry "GER"]
[EventRounds "7"]
[EventType "team-swiss"]
[EventDate "2015.12.27"]

1. e4 e5 2. Bc4 Nh6 3. d3 Nc6 4. Bxh6 gxh6 5. Nf3 Bc5 6. Nc3 d6 7. O-O Bg4 8.
Bb5 Qe7 9. Bxc6+ bxc6 10. Na4 Bb6 11. Nc3 O-O-O 12. h3 Bh5 13. Qe2 Qf6 14. a4
Rhg8 15. Kh1 Qg7 16. Rg1 Qg6 17. a5 Bc5 18. Raf1 Rg7 19. Nd1 Qe6 20. d4 Qe8 21.
b4 Bxb4 22. c3 Qg8 23. Ne3 Kd7 24. Nxe5+ dxe5 25. Qd1 Rb8 26. Qd2 1-0

[Event "DVM U10 2015"]
[Site "Magdeburg GER"]
[Date "2015.12.28"]
[Round "3"]
[White "Siol, Mats Lennart"]
[Black "Graw, Alexander"]
[Result "1-0"]
[Termination "normal"]
[Board "15.1"]
[WhiteElo "1178"]
[BlackElo "1008"]
[WhiteTeam "SK Blauer Springer Paderborn 1926"]
[BlackTeam "SF Hettstedt 1"]
[PlyCount "41"]
[WhiteFideId "16229240"]
[BlackFideId "16227670"]
[EventCountry "GER"]
[EventRounds "7"]
[EventType "team-swiss"]
[EventDate "2015.12.27"]

1. d4 d5 2. Nf3 Nc6 3. Bf4 Nf6 4. e3 Bg4 5. Bd3 e6 6. h3 Bh5 7. g4 Bg6 8. Bxg6
hxg6 9. g5 Ne4 10. Nbd2 Bb4 11. c3 Nxd2 12. Nxd2 Ba5 13. Qb3 b6 14. Qb5 Qd7 15.
b4 Bxb4 16. cxb4 a6 17. Qa4 O-O 18. Rc1 b5 19. Qb3 Rab8 20. Qc3 Rb6 21. h4 {
nicht weiter nachvollziehbar} 1-0

[Event "DVM U10 2015"]
[Site "Magdeburg GER"]
[Date "2015.12.28"]
[Round "3"]
[White "Isensee, Lennart"]
[Black "Schmidtmann, Kimberly"]
[Result "0-1"]
[Termination "normal"]
[Board "15.2"]
[WhiteElo "924"]
[BlackElo "1334"]
[WhiteTeam "SF Hettstedt 1"]
[BlackTeam "SK Blauer Springer Paderborn 1926"]
[PlyCount "52"]
[BlackFideId "12967106"]
[EventCountry "GER"]
[EventRounds "7"]
[EventType "team-swiss"]
[EventDate "2015.12.27"]

1. e4 e5 2. Nf3 Nc6 3. Bb5 Bc5 4. Bxc6 dxc6 5. Nc3 Bg4 6. d3 Nf6 7. O-O Qd7 8.
h3 Bxf3 9. Qxf3 O-O-O 10. Bg5 Rhg8 11. Qf5 Qxf5 12. exf5 Kb8 13. Bxf6 gxf6 14.
a3 Rg5 15. b4 Bd4 16. h4 Rg4 17. g3 Bxc3 18. Rab1 Bd4 19. a4 Rxg3+ 20. Kh2 Rf3
21. Kg2 Rxf5 22. c4 Rg8+ 23. Kh3 Rf3+ 24. Kh2 e4 25. a5 Be5+ 26. Kh1 Rh3# 0-1

[Event "DVM U10 2015"]
[Site "Magdeburg GER"]
[Date "2015.12.28"]
[Round "3"]
[White "Klahold, Rona"]
[Black "Lehmann, Taylor"]
[Result "0-1"]
[Termination "normal"]
[Board "15.3"]
[WhiteElo "896"]
[BlackElo "949"]
[WhiteTeam "SK Blauer Springer Paderborn 1926"]
[BlackTeam "SF Hettstedt 1"]
[PlyCount "50"]
[WhiteFideId "16222970"]
[BlackFideId "16240642"]
[EventCountry "GER"]
[EventRounds "7"]
[EventType "team-swiss"]
[EventDate "2015.12.27"]

1. d4 d5 2. Nc3 Nf6 3. Nf3 Bg4 4. e3 Ne4 5. Qe2 c6 6. Nxe4 dxe4 7. h3 exf3 8.
gxf3 Bf5 9. Bd2 Bxc2 10. e4 Qxd4 11. Bc3 Qa4 12. b3 Qa3 13. Qxc2 e6 14. Qd2 Na6
15. Bb2 Qb4 16. Bc3 Qa3 17. Rg1 Rd8 18. Qb2 Qxb2 19. Bxb2 Bb4+ 20. Ke2 Rd2+ 21.
Ke3 Rxb2 22. Bc4 Bd2+ 23. Kd3 O-O 24. Bxa6 Rd8+ 25. Kc4 Rc2# 0-1

[Event "DVM U10 2015"]
[Site "Magdeburg GER"]
[Date "2015.12.28"]
[Round "3"]
[White "Dornheim, Carl Friedrich"]
[Black "Eilenberg, Jonas"]
[Result "0-1"]
[Termination "normal"]
[Board "16.1"]
[WhiteElo "985"]
[BlackElo "1494"]
[WhiteTeam "Schachzwerge Magdeburg 2"]
[BlackTeam "Schachpinguine Berlin 1"]
[PlyCount "76"]
[WhiteFideId "16252314"]
[BlackFideId "16204271"]
[EventCountry "GER"]
[EventRounds "7"]
[EventType "team-swiss"]
[EventDate "2015.12.27"]

1. e4 e5 2. Nf3 Nc6 3. d4 exd4 4. Nxd4 Nf6 5. Nc3 Bb4 6. Qd3 h6 7. Bf4 O-O 8.
g3 Re8 9. Bg2 d5 10. O-O dxe4 11. Nxe4 Qxd4 12. Nxf6+ Qxf6 13. Bxc7 Bf5 14. Qb5
Bc8 15. Rad1 a6 16. Qb6 Ba5 17. Qc5 Bxc7 18. b4 Bf5 19. a4 Bb8 20. b5 Ba7 21.
Qc4 Nd4 22. bxa6 Rac8 23. Qa2 Rxc2 24. Qd5 bxa6 25. Qb7 Ne2+ 26. Kh1 Bxf2 27.
Rxf2 Nxg3+ 28. hxg3 Rxf2 29. Bc6 Rfe2 30. Bxe8 Be4+ 31. Qxe4 Rxe4 32. Bd7 Qf3+
33. Kh2 Qxd1 34. Bh3 Re2+ 35. Bg2 Qf1 36. Kh3 Qxg2+ 37. Kg4 Re4+ 38. Kf5 Qf3#
0-1

[Event "DVM U10 2015"]
[Site "Magdeburg GER"]
[Date "2015.12.28"]
[Round "3"]
[White "Schenk, Jannik"]
[Black "Stackfleth, Jarno"]
[Result "1/2-1/2"]
[Termination "normal"]
[Board "16.2"]
[WhiteElo "809"]
[BlackElo "940"]
[WhiteTeam "Schachpinguine Berlin 1"]
[BlackTeam "Schachzwerge Magdeburg 2"]
[PlyCount "68"]
[WhiteFideId "16204344"]
[BlackFideId "16252144"]
[EventCountry "GER"]
[EventRounds "7"]
[EventType "team-swiss"]
[EventDate "2015.12.27"]

1. d4 d5 2. c4 dxc4 3. e4 e5 4. Nf3 Nc6 5. Bxc4 exd4 6. Nbd2 Bc5 7. Nb3 b6 8.
Ng5 Be6 9. Bxe6 fxe6 10. Nxe6 Qd7 11. Nexc5 bxc5 12. Nxc5 Qe7 13. Qh5+ g6 14.
Qd5 Qf6 15. O-O Nge7 16. Qd7+ Kf7 17. Ne6 Qxe6 18. Qxc7 Rac8 19. Qb7 Rb8 20.
Qa6 Rb6 21. Qd3 Qg4 22. h3 Qd7 23. b3 Nb4 24. Qd2 Rc8 25. Bb2 Rc2 26. Qxd4 Qxd4
27. Bxd4 Rd6 28. Be3 Rxa2 29. Bc5 Rxa1 30. Rxa1 Nc2 31. Rc1 Rc6 32. Rxc2 a5 33.
Rc1 Ke6 34. Ba3 Rb6 1/2-1/2

[Event "DVM U10 2015"]
[Site "Magdeburg GER"]
[Date "2015.12.28"]
[Round "3"]
[White "Weber, Willi"]
[Black "Nguyen, Duc Minh"]
[Result "1-0"]
[Termination "normal"]
[Board "16.3"]
[WhiteElo "905"]
[BlackElo "791"]
[WhiteTeam "Schachzwerge Magdeburg 2"]
[BlackTeam "Schachpinguine Berlin 1"]
[PlyCount "37"]
[EventCountry "GER"]
[EventRounds "7"]
[EventType "team-swiss"]
[EventDate "2015.12.27"]

1. e4 e5 2. Nf3 Nc6 3. d4 exd4 4. Nxd4 Ne5 5. Nc3 Nf6 6. Bg5 Be7 7. Bb5 O-O 8.
Qd2 h6 9. Bxf6 Bxf6 10. O-O-O a6 11. Bd3 Bg5 12. f4 Nxd3+ 13. Qxd3 Bxf4+ 14.
Kb1 c5 15. Nd5 cxd4 16. Nxf4 g5 17. Nh5 f5 18. Qxd4 fxe4 19. Qg7# 1-0

[Event "DVM U10 2015"]
[Site "Magdeburg GER"]
[Date "2015.12.28"]
[Round "3"]
[White "Stowicek, Yara Mathilda"]
[Black "Mimkes, Antal"]
[Result "1-0"]
[Termination "normal"]
[Board "17.1"]
[WhiteElo "1394"]
[BlackElo "961"]
[WhiteTeam "USV Volksbank Halle"]
[BlackTeam "KSV Rochade Göttingen 1"]
[PlyCount "72"]
[WhiteFideId "16203569"]
[BlackFideId "16265963"]
[EventCountry "GER"]
[EventRounds "7"]
[EventType "team-swiss"]
[EventDate "2015.12.27"]

1. e4 e5 2. Nf3 Nc6 3. Bc4 Nf6 4. d3 Bc5 5. c3 O-O 6. O-O d6 7. h3 Qe7 8. Bg5
Be6 9. Bb3 Rfe8 10. Nbd2 Rad8 11. Re1 h6 12. Bh4 g5 13. Bg3 Nh7 14. Nf1 h5 15.
d4 exd4 16. cxd4 Bb4 17. Re2 h4 18. Bh2 Kh8 19. d5 Bxh3 20. gxh3 Ne5 21. Bxe5+
dxe5 22. N1h2 Qd7 23. Ng4 f5 24. exf5 Qxf5 25. Nfxe5 Nf6 26. Bc2 Qf4 27. Ng6+
Kg7 28. Nxf4 gxf4 29. Rxe8 Rxe8 30. Qd4 Be7 31. Re1 Kf7 32. Rxe7+ Rxe7 33.
Qxf6+ Ke8 34. Bg6+ Kd8 35. Ne5 f3 36. Qf8+ Re8 1-0

[Event "DVM U10 2015"]
[Site "Magdeburg GER"]
[Date "2015.12.28"]
[Round "3"]
[White "Anosowitsch, Nick"]
[Black "Schulemann, Gero"]
[Result "0-1"]
[Termination "normal"]
[Board "17.2"]
[WhiteElo "875"]
[BlackElo "1007"]
[WhiteTeam "KSV Rochade Göttingen 1"]
[BlackTeam "USV Volksbank Halle"]
[PlyCount "66"]
[BlackFideId "16227646"]
[EventCountry "GER"]
[EventRounds "7"]
[EventType "team-swiss"]
[EventDate "2015.12.27"]

1. e4 e5 2. Nf3 Nc6 3. Bb5 a6 4. Bc4 Nf6 5. O-O Bc5 6. Nc3 d6 7. Nd5 Nxd5 8.
Bxd5 Bg4 9. d3 h6 10. Be3 Rb8 11. Bxc5 dxc5 12. Bxf7+ Kxf7 13. h3 Be6 14. Re1
Rf8 15. Qe2 Kg8 16. Rad1 Qf6 17. Rf1 Bxh3 18. gxh3 Qxf3 19. Qxf3 Rxf3 20. Kg2
Rbf8 21. Rd2 Nd4 22. c3 Ne6 23. d4 cxd4 24. cxd4 exd4 25. Re2 d3 26. Re3 Rxe3
27. fxe3 Rd8 28. Rd1 c5 29. b3 b5 30. a3 c4 31. bxc4 bxc4 32. Kf2 c3 33. Ke1 c2
0-1

[Event "DVM U10 2015"]
[Site "Magdeburg GER"]
[Date "2015.12.28"]
[Round "3"]
[White "Wähler, Joris"]
[Black "Zimmermann, Bennet"]
[Result "0-1"]
[Termination "normal"]
[Board "17.3"]
[WhiteElo "913"]
[BlackElo "926"]
[WhiteTeam "USV Volksbank Halle"]
[BlackTeam "KSV Rochade Göttingen 1"]
[PlyCount "92"]
[WhiteFideId "16299388"]
[EventCountry "GER"]
[EventRounds "7"]
[EventType "team-swiss"]
[EventDate "2015.12.27"]

1. e4 e5 2. Nf3 Nc6 3. Bc4 Nf6 4. d3 Be7 5. Bg5 h6 6. Bxf6 Bxf6 7. Nc3 O-O 8.
O-O d6 9. h3 Re8 10. Rb1 Bd7 11. b4 Rb8 12. b5 Na5 13. Qd2 Nxc4 14. dxc4 Be6
15. Qe3 Bxc4 16. Qxa7 Bxf1 17. Rxf1 b6 18. Nd5 Ra8 19. Qxc7 Qxc7 20. Nxc7 Rec8
21. Nxa8 Rxa8 22. Ra1 d5 23. exd5 e4 24. Rd1 exf3 25. gxf3 Kf8 26. d6 Rxa2 27.
d7 Bd8 28. Rd6 Rxc2 29. Kf1 Rb2 30. Rc6 Rxb5 31. Rc8 Ke7 32. Rc1 Kxd7 33. Rd1+
Ke7 34. Rd4 Rb3 35. Kg2 b5 36. Rg4 g6 37. Rf4 Kf8 38. Rh4 h5 39. Rd4 Be7 40. f4
b4 41. h4 Rb1 42. Rd5 b3 43. f5 b2 44. fxg6 fxg6 45. Kf3 Rc1 46. Rb5 b1=Q 0-1

[Event "DVM U10 2015"]
[Site "Magdeburg GER"]
[Date "2015.12.28"]
[Round "3"]
[White "Gargulla, Matti"]
[Black "Gärtner, Uta"]
[Result "1-0"]
[Termination "normal"]
[Board "17.4"]
[WhiteElo "919"]
[BlackElo "753"]
[WhiteTeam "KSV Rochade Göttingen 1"]
[BlackTeam "USV Volksbank Halle"]
[PlyCount "35"]
[EventCountry "GER"]
[EventRounds "7"]
[EventType "team-swiss"]
[EventDate "2015.12.27"]

1. e4 e5 2. Nf3 Nc6 3. Nc3 Bc5 4. Nxe5 Nxe5 5. d4 Bxd4 6. Qxd4 Nc6 7. Qc4 Nf6
8. Bg5 O-O 9. Bd3 d6 10. O-O Bg4 11. Nd5 Ne5 12. Qd4 h6 13. Nxf6+ gxf6 14. Bxh6
Re8 15. h3 Bh5 16. Qe3 f5 17. Qg3+ Kh8 18. Qg7# 1-0

[Event "DVM U10 2015"]
[Site "Magdeburg GER"]
[Date "2015.12.28"]
[Round "3"]
[White "Seibt, Bruno"]
[Black "Müller, Linus"]
[Result "1-0"]
[Termination "normal"]
[Board "18.1"]
[WhiteElo "1050"]
[BlackElo "936"]
[WhiteTeam "SC 1994 Oberland"]
[BlackTeam "Hamburger SK von 1830 2"]
[PlyCount "50"]
[WhiteFideId "16219988"]
[BlackFideId "16245946"]
[EventCountry "GER"]
[EventRounds "7"]
[EventType "team-swiss"]
[EventDate "2015.12.27"]

1. e4 e5 2. Nf3 Nc6 3. Bc4 Bc5 4. c3 d6 5. d4 Bb6 6. Be3 Bg4 7. Nbd2 Nf6 8. h3
Bxf3 9. Nxf3 Nxe4 10. Qd3 d5 11. dxe5 Bxe3 12. Qxe3 O-O 13. O-O Qe7 14. Bxd5
Nc5 15. g4 Nd7 16. e6 Nf6 17. exf7+ Kh8 18. Qxe7 Nxe7 19. Bb3 c5 20. Rae1 Nc6
21. Ne5 Rac8 22. Nxc6 Rxc6 23. g5 Nh5 24. Re4 b5 25. Bd5 Rd6 {nicht weiter
nachvollziehbar} 1-0

[Event "DVM U10 2015"]
[Site "Magdeburg GER"]
[Date "2015.12.28"]
[Round "3"]
[White "Augustin, Elias"]
[Black "Reine, Samuel"]
[Result "0-1"]
[Termination "normal"]
[Board "18.3"]
[WhiteElo "846"]
[BlackElo "870"]
[WhiteTeam "SC 1994 Oberland"]
[BlackTeam "Hamburger SK von 1830 2"]
[PlyCount "60"]
[WhiteFideId "16236963"]
[EventCountry "GER"]
[EventRounds "7"]
[EventType "team-swiss"]
[EventDate "2015.12.27"]

1. e4 e6 2. d4 d5 3. Nc3 c5 4. Nf3 Nc6 5. Bg5 Qb6 6. Be3 Qxb2 7. Bd2 cxd4 8.
Rb1 Qa3 9. Nb5 Qe7 10. Nbxd4 Nxd4 11. Nxd4 Nf6 12. e5 Qc5 13. Bb4 Qc7 14. Bb5+
Bd7 15. Bxd7+ Nxd7 16. Bxf8 Rxf8 17. O-O b6 18. Re1 Nxe5 19. Qe2 Nc6 20. Qb5
Rc8 21. Rb3 Kd8 22. Rd1 Nxd4 23. Rxd4 Qxc2 24. h3 Qc1+ 25. Kh2 Rc5 26. Qa6 e5
27. Ra4 Rc3 28. Rb5 d4 29. Rxe5 Qf4+ 30. g3 Qxf2+ 0-1

[Event "DVM U10 2015"]
[Site "Magdeburg GER"]
[Date "2015.12.28"]
[Round "3"]
[White "Kalina, Lena"]
[Black "Martsfeld, Jonas"]
[Result "1-0"]
[Termination "normal"]
[Board "19.1"]
[WhiteElo "1410"]
[BlackElo "954"]
[WhiteTeam "SC Landskrone"]
[BlackTeam "SF HN-Biberach 1978"]
[PlyCount "61"]
[WhiteFideId "12988014"]
[BlackFideId "16255640"]
[EventCountry "GER"]
[EventRounds "7"]
[EventType "team-swiss"]
[EventDate "2015.12.27"]

1. e4 e5 2. Nf3 Nc6 3. Bb5 Bc5 4. O-O d6 5. c3 a6 6. Ba4 b5 7. Bc2 Nf6 8. d4
exd4 9. cxd4 Bb6 10. Re1 Bg4 11. Nc3 Bxd4 12. Nd5 Be5 13. Bg5 Nd4 14. Rc1 h6
15. Be3 Bxf3 16. gxf3 Nxc2 17. Rxc2 Nxd5 18. exd5 c5 19. dxc6 Rc8 20. Bf4 f6
21. Qd5 Rc7 22. Bd2 Re7 23. f4 Bxf4 24. Rxe7+ Qxe7 25. Bxf4 Qd8 26. Re2+ Kf8
27. Bxd6+ Qxd6 28. Qxd6+ Kf7 29. c7 Rc8 30. Qd7+ Kg6 31. Qxc8 1-0

[Event "DVM U10 2015"]
[Site "Magdeburg GER"]
[Date "2015.12.28"]
[Round "3"]
[White "Melzig, Rodrigo"]
[Black "Müller, Maurice-Pascal"]
[Result "0-1"]
[Termination "normal"]
[Board "19.2"]
[WhiteElo "984"]
[BlackElo "1002"]
[WhiteTeam "SF HN-Biberach 1978"]
[BlackTeam "SC Landskrone"]
[PlyCount "44"]
[WhiteFideId "16252764"]
[BlackFideId "16243340"]
[EventCountry "GER"]
[EventRounds "7"]
[EventType "team-swiss"]
[EventDate "2015.12.27"]

1. e4 c5 2. Nf3 Nc6 3. Nc3 g6 4. Bc4 Bg7 5. Ng5 e6 6. d3 Nd4 7. Bf4 d5 8. Nb5
e5 9. Bxd5 exf4 10. Nxf7 Qd7 11. Nbd6+ Ke7 12. O-O Nf6 13. Nxc8+ Rhxc8 14. Ne5
Qc7 15. c3 Qxe5 16. Bxb7 f3 17. g3 Qe6 18. Bxc8 Rxc8 19. Qa4 Qh3 20. Qxa7+ Nd7
21. Qxc5+ Rxc5 22. Kh1 Qg2# 0-1